| 000 | 01082cam a2200325 a 4500 | ||
|---|---|---|---|
| 001 | 14659042 | ||
| 003 | NUST - PNEC | ||
| 005 | 20170116181130.0 | ||
| 008 | 061207s2008 nyua 001 0 eng | ||
| 010 | _a 2006053157 | ||
| 020 | _a9780831133009 | ||
| 020 | _a0831133007 | ||
| 035 | _a(OCoLC)ocm77485792 | ||
| 035 | _a(OCoLC)77485792 | ||
| 040 |
_aDLC _cLIBRARY _dBTCTA _dBAKER _dC#P _dYDXCP _dDLC |
||
| 050 | 0 | 0 |
_aTS192 _b.W57 2008 |
| 082 | 0 | 0 | _a658.202 WIR |
| 100 | 1 | _aWireman, Terry. | |
| 245 | 1 | 0 |
_aPreventive maintenance / _cTerry Wireman. |
| 250 | _a1st ed. | ||
| 260 |
_aNew York : _bIndustrial Press, _c2008. |
||
| 300 |
_axix, 216 p. : _bill. ; _c24 cm. |
||
| 440 | 0 |
_aMaintenance strategy series ; _vv. 1 |
|
| 500 | _aIncludes index. | ||
| 650 | 0 |
_aMaintenance. _xME |
|
| 650 | 0 |
_aIndustrial equipment _xMaintenance and repair. |
|
| 906 |
_a7 _bcbc _corignew _d1 _eocip _f20 _gy-gencatlg |
||
| 942 |
_2ddc _cBK |
||
| 999 |
_c69929 _d69929 |
||